[Event "7th American Continental (w)"]
[Site "Buenos Aires ARG"]
[Date "2014.03.21"]
[Round "1.1"]
[White "Meza, Anahi"]
[Black "Cori Tello, Deysi"]
[Result "0-1"]
[WhiteElo "2078"]
[BlackElo "2428"]
[EventDate "2014.03.21"]
[PlyCount "40"]

1.d4 Nf6 2.c4 g6 3.Nc3 d5 4.cxd5 Nxd5 5.e4 Nxc3 6.bxc3 Bg7 7.Bc4 c5 8.Be3 
O-O 9.Rc1 Nc6 10.Ne2 Qc7 11.O-O b6 12.Qd2 Rd8 13.h4 Bb7 14.f4 e6 15.h5 Na5
16.Bd3 f5 17.exf5 gxf5 18.Qc2 c4 19.Bxc4 Nxc4 20.Ng3 Re8 0-1

[Event "7th American Continental (w)"]
[Site "Buenos Aires ARG"]
[Date "2014.03.21"]
[Round "1.2"]
[White "Lujan, Carolina"]
[Black "Jorquera Cabello, Valentina"]
[Result "1-0"]
[WhiteElo "2375"]
[BlackElo "2027"]
[EventDate "2014.03.21"]
[PlyCount "87"]

1.e4 c5 2.Nf3 d6 3.c3 Nf6 4.Be2 Nc6 5.d4 cxd4 6.cxd4 e6 7.Nc3 Be7 8.O-O 
O-O 9.h3 a6 10.Bd3 Qc7 11.Qe2 e5 12.d5 Nb8 13.Be3 b5 14.Rfc1 Qa5 15.a3 Bb7
16.b4 Qd8 17.a4 bxa4 18.Rxa4 Ne8 19.Nd2 Bg5 20.Nc4 Bxe3 21.Qxe3 Nd7 22.Na5
Bc8 23.Ne2 f5 24.Nc6 Qh4 25.exf5 Kh8 26.Rc4 Qh6 27.Ra5 Bb7 28.g4 Qxe3 29.
fxe3 Nb6 30.Rc1 e4 31.Bxe4 Nf6 32.Bf3 Rfe8 33.Kf2 Ne4+ 34.Bxe4 Rxe4 35.Ng3
Rc4 36.Rxc4 Nxc4 37.Ra2 Rc8 38.Ne2 h6 39.Ned4 Re8 40.Ne6 Ne5 41.Nxe5 Bxd5 
42.Ng6+ Kh7 43.Ngf8+ Kg8 44.Rxa6 1-0

[Event "7th American Continental (w)"]
[Site "Buenos Aires ARG"]
[Date "2014.03.21"]
[Round "1.3"]
[White "Nejanky, Maisa"]
[Black "Arribas Robaina, Maritza"]
[Result "0-1"]
[WhiteElo "2024"]
[BlackElo "2313"]
[EventDate "2014.03.21"]
[PlyCount "64"]

1.e4 d6 2.d4 Nf6 3.Nc3 c6 4.f4 Qa5 5.Bd3 e5 6.Nf3 Bg4 7.Be3 Nbd7 8.O-O Be7
9.h3 Bxf3 10.Qxf3 exd4 11.Bxd4 Nc5 12.e5 Nfd7 13.exd6 Bxd6 14.Bxg7 Rg8 15.
Rfe1+ Ne6 16.f5 Rxg7 17.fxe6 fxe6 18.Rxe6+ Kd8 19.Ne4 Be5 20.Rd1 Kc7 21.
Kh1 Qd5 22.Rh6 Rf8 23.Qe2 Bxb2 24.Bc4 Qe5 25.Re6 Qf4 26.c3 Ba3 27.Rf1 Qh4 
28.Nf6 Rxf6 29.Rfxf6 Nxf6 30.Qe5+ Kb6 31.Qxf6 Qxc4 32.Qd8+ Ka6 0-1

[Event "7th American Continental (w)"]
[Site "Buenos Aires ARG"]
[Date "2014.03.21"]
[Round "1.4"]
[White "Amura, Claudia"]
[Black "Abarca Gonzalez, Damaris"]
[Result "0-1"]
[WhiteElo "2305"]
[BlackElo "2023"]
[EventDate "2014.03.21"]
[PlyCount "70"]

1.d4 d5 2.Bg5 Nf6 3.Bxf6 exf6 4.e3 c6 5.c4 dxc4 6.Bxc4 Bd6 7.Ne2 O-O 8.
Nbc3 Qe7 9.Qc2 f5 10.g3 Nd7 11.h4 Nf6 12.h5 b5 13.Bd3 b4 14.Na4 Ne4 15.Rc1
Re8 16.Bxe4 fxe4 17.Qxc6 Bd7 18.Qc2 Bb5 19.Nc5 Rac8 20.Nf4 Qg5 21.h6 Bxf4 
22.exf4 Qd5 23.hxg7 Qxd4 24.Qd2 Rxc5 25.Qxd4 Rxc1+ 26.Kd2 Rxh1 27.f5 e3+ 
28.fxe3 Rh2+ 29.Kd1 Re2 30.Qxb4 Rd8+ 31.Kc1 Rc8+ 32.Kd1 Rd8+ 33.Kc1 Bd3 
34.f6 Rc2+ 35.Kd1 Be4+ 0-1

[Event "7th American Continental (w)"]
[Site "Buenos Aires ARG"]
[Date "2014.03.21"]
[Round "1.5"]
[White "Paredes Bustamante, Paula"]
[Black "Feliciano Ebert, Vanessa"]
[Result "1-0"]
[WhiteElo "2018"]
[BlackElo "2244"]
[EventDate "2014.03.21"]
[PlyCount "79"]

1.e4 c5 2.Nf3 Nc6 3.d4 cxd4 4.Nxd4 Nf6 5.Nc3 e5 6.Ndb5 d6 7.Bg5 a6 8.Na3 
b5 9.Bxf6 gxf6 10.Nd5 Bg7 11.c3 f5 12.exf5 Bxf5 13.Be2 O-O 14.O-O Be6 15.
Nc2 Rb8 16.Ncb4 Nxb4 17.Nxb4 Qb6 18.Bf3 a5 19.Nc6 Qc5 20.b4 Qxc3 21.Rc1 
Qa3 22.Nxb8 Rxb8 23.Qxd6 Rf8 24.Bd5 Bf5 25.Rc2 e4 26.Qe7 Bg6 27.Bxe4 axb4 
28.Bxg6 hxg6 29.Rfc1 Bd4 30.Rc8 Bg7 31.Rxf8+ Bxf8 32.Rc8 Qc1+ 33.Rxc1 Bxe7
34.Rc7 Bd6 35.Rd7 Bf8 36.Rb7 Kg7 37.Kf1 Kf6 38.Ke2 Ke6 39.Kd3 Bc5 40.Rxb5 
1-0

[Event "7th American Continental (w)"]
[Site "Buenos Aires ARG"]
[Date "2014.03.21"]
[Round "1.6"]
[White "Sanchez Castillo, Sarai"]
[Black "Flores, Nancy"]
[Result "1-0"]
[WhiteElo "2226"]
[BlackElo "1983"]
[EventDate "2014.03.21"]
[PlyCount "75"]

1.e4 c5 2.Nf3 d6 3.Nc3 Nf6 4.e5 dxe5 5.Nxe5 a6 6.a4 e6 7.g3 Qd6 8.Nc4 Qc6 
9.f3 Be7 10.Bg2 Nbd7 11.a5 Rb8 12.O-O b5 13.axb6 Nxb6 14.f4 Qc7 15.Na5 Bd7
16.d3 O-O 17.Nc4 Nxc4 18.dxc4 Bc6 19.Qe2 Bb7 20.g4 Nd7 21.g5 Rfe8 22.Be4 
Nf8 23.h4 Red8 24.h5 f6 25.h6 g6 26.gxf6 Bxf6 27.Bxb7 Qxb7 28.Ne4 Bxb2 29.
Bxb2 Qxb2 30.Rxa6 Rb4 31.Ra7 Qd4+ 32.Kh1 Rd7 33.c3 Qxc4 34.Qxc4 Rxc4 35.
Nf6+ Kf7 36.Nxd7 Nxd7 37.Rxd7+ Kf6 38.Rf3 1-0

[Event "7th American Continental (w)"]
[Site "Buenos Aires ARG"]
[Date "2014.03.21"]
[Round "1.7"]
[White "Martyniuk, Carolina"]
[Black "Zuriel, Marisa"]
[Result "1-0"]
[WhiteElo "1959"]
[BlackElo "2225"]
[EventDate "2014.03.21"]
[PlyCount "89"]

1.c4 e5 2.g3 Nc6 3.Bg2 g6 4.Nc3 Bg7 5.d3 d6 6.e3 Be6 7.Nge2 Qd7 8.Nd5 f5 
9.Rb1 Nd8 10.b3 c6 11.Ndc3 d5 12.cxd5 cxd5 13.d4 e4 14.Nf4 Bf7 15.h4 Rc8 
16.Bd2 Nf6 17.Bf1 O-O 18.Na4 Ne6 19.Nxe6 Bxe6 20.Nc5 Qf7 21.Be2 h6 22.b4 
Ne8 23.a4 Nd6 24.b5 b6 25.Nxe6 Qxe6 26.Qb3 Nc4 27.Bb4 Rf7 28.Ra1 Bf8 29.
Bxf8 Kxf8 30.Bxc4 Rxc4 31.Qa3+ Kg7 32.a5 Rfc7 33.O-O Rc3 34.Qb2 g5 35.axb6
axb6 36.hxg5 hxg5 37.Rfc1 Qc8 38.Rxc3 Rxc3 39.Ra7+ Kg6 40.Qb4 Rc1+ 41.Kg2 
f4 42.Qd6+ Kh5 43.Rh7+ Kg4 44.Rh4+ Kf5 45.g4# 1-0

[Event "7th American Continental (w)"]
[Site "Buenos Aires ARG"]
[Date "2014.03.21"]
[Round "1.8"]
[White "Zepeda Cortez, Lorena"]
[Black "Gomez Camacho, Micaela"]
[Result "0-1"]
[WhiteElo "2196"]
[BlackElo "1938"]
[EventDate "2014.03.21"]
[PlyCount "144"]

1.e4 c5 2.Nf3 d6 3.d4 cxd4 4.Nxd4 Nf6 5.Nc3 a6 6.Be3 e5 7.Nb3 Be6 8.f3 h5 
9.Qd2 Nbd7 10.Nd5 Bxd5 11.exd5 g6 12.Na5 Qc7 13.c4 b6 14.Nc6 a5 15.Bd3 Nb8
16.Nxb8 Rxb8 17.O-O Bg7 18.Rac1 O-O 19.h3 Rfe8 20.Bb1 e4 21.f4 Nd7 22.f5 
Qd8 23.Qf2 Qf6 24.b3 Nc5 25.Rcd1 Re5 26.Bd4 Qxf5 27.Qg3 Qg5 28.Bxe5 Qxe5 
29.Qxe5 Bxe5 30.g4 hxg4 31.hxg4 Kg7 32.Kg2 Rh8 33.Rh1 Rxh1 34.Rxh1 f5 35.
gxf5 gxf5 36.Re1 Kf6 37.Bc2 Bc3 38.Rh1 f4 39.Rh8 f3+ 40.Kg3 Be1+ 41.Kf4 
Bd2+ 42.Kg4 Ke5 43.Re8+ Kd4 44.Bxe4 Nxe4 45.Kxf3 Ng5+ 46.Kg4 Nf7 47.Kf5 
Bb4 48.Rb8 Bc5 49.Ke6 Ne5 50.Rh8 a4 51.bxa4 Nxc4 52.Rh4+ Kc3 53.Kd7 Ne3 
54.Kc6 Nf5 55.Rh5 Nd4+ 56.Kc7 Kb4 57.Rh8 Kxa4 58.Ra8+ Kb4 59.a4 Nb3 60.Rb8
Kc4 61.Rxb6 Bxb6+ 62.Kxd6 Na5 63.Ke6 Kc5 64.d6 Kc6 65.d7 Bd8 66.Ke5 Kxd7 
67.Kd5 Bb6 68.Ke5 Kc6 69.Ke4 Kd6 70.Kf5 Kd5 71.Kf4 Bc7+ 72.Ke3 Be5 0-1

[Event "7th American Continental (w)"]
[Site "Buenos Aires ARG"]
[Date "2014.03.21"]
[Round "1.9"]
[White "Sanchez Zambrano, Vanessa"]
[Black "Chumpitaz Carbajal, Ann"]
[Result "0-1"]
[WhiteElo "1913"]
[BlackElo "2189"]
[EventDate "2014.03.21"]
[PlyCount "146"]

1.d4 Nf6 2.c4 g6 3.Nc3 d5 4.cxd5 Nxd5 5.e4 Nxc3 6.bxc3 Bg7 7.Bc4 c5 8.Ne2 
O-O 9.O-O Nc6 10.Be3 Qc7 11.Rc1 Rd8 12.Qd2 Ne5 13.Bd3 Nxd3 14.Qxd3 Qa5 15.
Qb1 b6 16.Rfd1 Ba6 17.Qb2 Bc4 18.Rd2 Qa6 19.Rcd1 cxd4 20.cxd4 Rac8 21.Nc1 
e6 22.Nd3 Bf8 23.Ne5 Ba3 24.Qb1 Be2 25.Re1 Bb5 26.Bg5 Qa5 27.Rdd1 Rf8 28.
Bd2 Qa4 29.Ng4 h5 30.Nf6+ Kg7 31.e5 Rc2 32.d5 Bc4 33.Re3 Bb2 34.a3 Bb3 35.
Rg3 Kh8 36.Bb4 Rfc8 37.Rgd3 Rc1 38.Qxb2 Bxd1 39.Bd2 R1c2 40.Qd4 Qxd4 41.
Rxd4 exd5 42.Rxd5 Bg4 43.h3 Be6 44.Rd6 R2c6 45.Rd4 Kg7 46.Bg5 Rc4 47.Rd6 
Ra4 48.Rd3 Bf5 49.Rb3 Rd4 50.Rb2 Rd1+ 51.Kh2 Rc3 52.Ne8+ Kf8 53.Nd6 Bd7 
54.Re2 Rdd3 55.Ne4 Rc4 56.Bh6+ Kg8 57.Nd6 Rc5 58.Ne4 Rc6 59.Nf6+ Kh8 60.g4
Rcc3 61.f3 Be6 62.Ne4 Rxa3 63.Ng5 Bd5 64.f4 Ra2 65.Rxa2 Bxa2 66.gxh5 gxh5 
67.f5 h4 68.Kg2 Kg8 69.Kf2 Rd5 70.Nf3 Bb1 71.f6 Be4 72.Nxh4 Rxe5 73.Bf4 
Rh5 0-1

[Event "7th American Continental (w)"]
[Site "Buenos Aires ARG"]
[Date "2014.03.21"]
[Round "1.10"]
[White "Aliaga Fernandez, Ingrid"]
[Black "Guzman, Paola"]
[Result "1-0"]
[WhiteElo "2185"]
[BlackElo "1902"]
[EventDate "2014.03.21"]
[PlyCount "91"]

1.e4 e6 2.d4 d5 3.Nc3 Nf6 4.e5 Nfd7 5.f4 c5 6.Nf3 Nc6 7.Be3 Qb6 8.Na4 Qa5+
9.c3 cxd4 10.b4 Nxb4 11.cxb4 Bxb4+ 12.Bd2 Bxd2+ 13.Nxd2 b5 14.Nb2 Nc5 15.
Qc2 Ne4 16.Nd1 Bd7 17.Bd3 Rc8 18.Qb2 O-O 19.Bxe4 dxe4 20.O-O e3 21.Nf3 Qb6
22.Re1 Rc4 23.Rc1 Rfc8 24.Rxc4 Rxc4 25.Qe2 Qc5 26.Qd3 Bc6 27.Ng5 g6 28.Ne4
Bxe4 29.Qxe4 Rc1 30.Rf1 Rc2 31.Re1 Rd2 32.h4 e2 33.Nf2 d3 34.Qf3 Rd1 35.
Rxd1 exd1=Q+ 36.Qxd1 Qe3 37.Qxd3 Qxf4 38.Qe4 Qc1+ 39.Kh2 Qb2 40.Ng4 Qd2 
41.a3 Qc1 42.Qf3 a5 43.Nf6+ Kg7 44.Ne8+ Kf8 45.Nd6 Qc7 46.Qf6 1-0

[Event "7th American Continental (w)"]
[Site "Buenos Aires ARG"]
[Date "2014.03.21"]
[Round "1.11"]
[White "Besso, Guadalupe"]
[Black "Vargas Talavera, Gabriela"]
[Result "1-0"]
[WhiteElo "1882"]
[BlackElo "2143"]
[EventDate "2014.03.21"]
[PlyCount "72"]

1.d4 e6 2.c4 d5 3.Nc3 Be7 4.cxd5 exd5 5.Bf4 c6 6.e3 Nf6 7.h3 Nbd7 8.Nf3 
Nf8 9.Bd3 Ne6 10.Bh2 a6 11.O-O O-O 12.Qc2 c5 13.dxc5 Nxc5 14.Rfd1 Nxd3 15.
Qxd3 Qb6 16.Be5 Be6 17.Bd4 Qb4 18.Ne5 Rad8 19.b3 Qd6 20.b4 Qb8 21.Rab1 Ne4
22.Nxe4 dxe4 23.Qxe4 Bxa2 24.Rb2 Bd5 25.Qg4 Be6 26.Qe2 Bf6 27.f4 Bxe5 28.
Bxe5 Rxd1+ 29.Qxd1 Rd8 30.Qh5 Qc8 31.Qg5 Rd1+ 32.Kh2 Qf8 33.f5 f6 34.Qg4 
Rd5 35.fxe6 Rxe5 36.Rd2 h5 1-0

[Event "7th American Continental (w)"]
[Site "Buenos Aires ARG"]
[Date "2014.03.21"]
[Round "1.12"]
[White "Martinez, Ayelen"]
[Black "Zarate Oyague, Flor de Maria"]
[Result "1-0"]
[WhiteElo "2109"]
[BlackElo "1863"]
[EventDate "2014.03.21"]
[PlyCount "93"]

1.d4 Nf6 2.c4 g6 3.Nc3 Bg7 4.e4 d6 5.f3 O-O 6.Be3 c5 7.Nge2 Qa5 8.Qd2 Nc6 
9.Rd1 Nd7 10.d5 Nce5 11.Nf4 Qb4 12.Nb5 Qxd2+ 13.Bxd2 Nb6 14.b3 a6 15.Nc3 
Rb8 16.Be2 Na8 17.O-O Nc7 18.a4 b5 19.cxb5 axb5 20.Nxb5 Nxb5 21.Bxb5 Bd7 
22.Bxd7 Nxd7 23.Rb1 Rb7 24.b4 cxb4 25.Rxb4 Rxb4 26.Bxb4 Rc8 27.Nd3 Bd4+ 
28.Kh1 Nc5 29.Rc1 Ra8 30.Bxc5 dxc5 31.Nxc5 Ra5 32.Nb3 Rxa4 33.Nxd4 Rxd4 
34.Kg1 Rd2 35.Kf1 Kg7 36.Re1 e6 37.dxe6 fxe6 38.Re2 Rd3 39.Kf2 g5 40.Kg3 
Kg6 41.Ra2 h6 42.h4 Rb3 43.Ra6 Kf6 44.Kg4 Rb5 45.h5 Rb2 46.g3 Re2 47.Ra7 
1-0

[Event "7th American Continental (w)"]
[Site "Buenos Aires ARG"]
[Date "2014.03.21"]
[Round "1.13"]
[White "Quilca Tapara, Carmen"]
[Black "Carraro, Denise"]
[Result "0-1"]
[WhiteElo "1417"]
[BlackElo "2082"]
[EventDate "2014.03.21"]
[PlyCount "60"]

1.c4 e5 2.Nc3 Nc6 3.g3 g6 4.Bg2 Bg7 5.d3 d6 6.Rb1 f5 7.e3 Be6 8.Nge2 Nf6 
9.b3 O-O 10.d4 exd4 11.exd4 d5 12.c5 Ne4 13.Bb2 g5 14.O-O Nxc3 15.Bxc3 f4 
16.f3 Qf6 17.g4 h5 18.h3 Rae8 19.b4 Qh6 20.b5 Ne7 21.Nc1 hxg4 22.fxg4 Ng6 
23.Rb2 Qh8 24.Re1 f3 25.Bf1 Qh4 26.Nd3 Qg3+ 27.Kh1 f2 28.Nxf2 Qxc3 29.Rbe2
Nf4 30.Rd2 Rf7 0-1

[Event "7th American Continental (w)"]
[Site "Buenos Aires ARG"]
[Date "2014.03.22"]
[Round "2.1"]
[White "Cori Tello, Deysi"]
[Black "Martinez, Ayelen"]
[Result "0-1"]
[WhiteElo "2428"]
[BlackElo "2109"]
[EventDate "2014.03.21"]
[PlyCount "100"]

1.d4 Nf6 2.Nf3 g6 3.c4 Bg7 4.Nc3 d6 5.Bg5 h6 6.Bxf6 Bxf6 7.Qd2 Nd7 8.Rd1 
Bg7 9.h4 Nf6 10.e4 Bg4 11.Be2 Qd7 12.e5 Nh5 13.Qe3 Qf5 14.exd6 cxd6 15.Nd5
Qd7 16.c5 O-O 17.Qxe7 Qxe7 18.Nxe7+ Kh8 19.Nd5 dxc5 20.dxc5 Bxb2 21.O-O 
Rac8 22.Rb1 Ba3 23.Rxb7 Bxc5 24.Nd4 Bxe2 25.Nxe2 Rcd8 26.Nec3 Ng3 27.Rd1 
Nf5 28.Rc7 Rc8 29.Ne4 Rxc7 30.Nxc7 Bb6 31.Rd7 Nxh4 32.Nd6 Kg8 33.Nd5 Kg7 
34.Nf4 Kf6 35.Nc4 Nf5 36.Rb7 Bd4 37.g4 Nh4 38.Rd7 Rb8 39.Kh2 Bxf2 40.Nd5+ 
Kg7 41.Ne5 Rf8 42.Kh3 g5 43.Nc7 Kf6 44.Nd3 Bb6 45.Nd5+ Ke6 46.Nxb6 axb6 
47.Rb7 Ra8 48.Rxb6+ Kd5 49.Rb2 Ra3 50.Rb3 Rxa2 0-1

[Event "7th American Continental (w)"]
[Site "Buenos Aires ARG"]
[Date "2014.03.22"]
[Round "2.2"]
[White "Carraro, Denise"]
[Black "Lujan, Carolina"]
[Result "0-1"]
[WhiteElo "2082"]
[BlackElo "2375"]
[EventDate "2014.03.21"]
[PlyCount "122"]

1.e4 c5 2.Nf3 e6 3.d4 cxd4 4.Nxd4 a6 5.Bd3 Bc5 6.Nb3 Be7 7.O-O d6 8.Qg4 g6
9.Qe2 Nd7 10.c4 Qc7 11.Nc3 b6 12.Be3 Bb7 13.Rac1 h5 14.Rfd1 Ngf6 15.h3 h4 
16.Nd4 Nh5 17.b4 Ne5 18.Na4 Nd7 19.Nb3 Bc6 20.Nc3 Qd8 21.Qd2 g5 22.Rc2 Ne5
23.Nd4 Bd7 24.Be2 Nf4 25.Bxf4 gxf4 26.Nf3 Ng6 27.Qd4 Qc7 28.b5 Rg8 29.Kh1 
a5 30.Na4 Rb8 31.Rcd2 Bc8 32.Bf1 f6 33.Be2 Kf7 34.Nh2 Rh8 35.Rc2 Bd7 36.
Rcd2 Be8 37.Nf3 Kg8 38.Nh2 Bf7 39.Ng4 Kg7 40.Rc2 Rhd8 41.Rdd2 Ne5 42.Qc3 
Bg6 43.Rd4 Nxg4 44.Bxg4 e5 45.Rd1 Bxe4 46.Re2 f5 47.f3 d5 48.fxe4 Bb4 49.
Qc1 fxg4 50.Rxd5 Rxd5 51.exd5 gxh3 52.gxh3 Kf6 53.Rg2 Qh7 54.Qd1 Qf5 55.
Rg4 Qe4+ 56.Kh2 Be1 57.d6 Bg3+ 58.Kg1 Qe3+ 59.Kh1 Qf2 60.Qg1 Qf3+ 61.Qg2 
Qd1+ 0-1

[Event "7th American Continental (w)"]
[Site "Buenos Aires ARG"]
[Date "2014.03.22"]
[Round "2.3"]
[White "Arribas Robaina, Maritza"]
[Black "Paredes Bustamante, Paula"]
[Result "1/2-1/2"]
[WhiteElo "2313"]
[BlackElo "2018"]
[EventDate "2014.03.21"]
[PlyCount "82"]

1.e4 c5 2.Nf3 e6 3.d4 cxd4 4.Nxd4 a6 5.Bd3 Qc7 6.O-O Nf6 7.Nc3 Nc6 8.Nxc6 
dxc6 9.Qf3 e5 10.h3 Be6 11.Be3 Be7 12.Rfd1 O-O 13.Ne2 Nd7 14.Qg3 Nc5 15.
Nd4 Rfd8 16.Nxe6 Nxe6 17.c3 Bc5 18.Bc4 Bxe3 19.Qxe3 Nf4 20.g3 Ng6 21.Kg2 
Rab8 22.Bb3 Qe7 23.h4 Nf8 24.Qg5 Qxg5 25.hxg5 Nd7 26.Kf3 Kf8 27.Rh1 Nc5 
28.Rxh7 Rd3+ 29.Ke2 Rbd8 30.Rh8+ Ke7 31.Rxd8 Rxd8 32.Ke3 Rd3+ 33.Ke2 Rd8 
34.Bc2 Ne6 35.Rh1 Nxg5 36.Ke3 Ne6 37.Rh5 Kd6 38.Bb3 Kd7 39.Rh7 f6 40.Bd1 
Ke7 41.Bg4 Rc8 1/2-1/2

[Event "7th American Continental (w)"]
[Site "Buenos Aires ARG"]
[Date "2014.03.22"]
[Round "2.4"]
[White "Abarca Gonzalez, Damaris"]
[Black "Sanchez Castillo, Sarai"]
[Result "0-1"]
[WhiteElo "2023"]
[BlackElo "2226"]
[EventDate "2014.03.21"]
[PlyCount "82"]

1.c4 e5 2.g3 Nc6 3.Bg2 f5 4.Nc3 Nf6 5.a3 a5 6.d3 Bc5 7.e3 O-O 8.Nge2 d6 9.
O-O Bb6 10.Nd5 Nxd5 11.cxd5 Ne7 12.d4 e4 13.Nc3 c6 14.dxc6 bxc6 15.Bd2 Be6
16.Kh1 Rb8 17.b4 axb4 18.axb4 Bc4 19.Rg1 Nd5 20.Nxd5 Bxd5 21.Qc2 Qe8 22.
Rgc1 Rf6 23.Qd1 g5 24.Kg1 Rh6 25.h3 Qe6 26.Bf1 Kh8 27.Ra6 g4 28.h4 f4 29.
Rca1 fxg3 30.fxg3 Rf6 31.Be2 h5 32.Ra8 Rbf8 33.R1a6 Bxd4 34.Rxf8+ Rxf8 35.
Qc1 Qf6 36.Be1 Be5 37.Rxc6 Bxc6 38.Qxc6 Qf5 39.b5 Rc8 40.Qd5 Rc1 41.Qd2 
Rb1 0-1

[Event "7th American Continental (w)"]
[Site "Buenos Aires ARG"]
[Date "2014.03.22"]
[Round "2.5"]
[White "Chumpitaz Carbajal, Ann"]
[Black "Martyniuk, Carolina"]
[Result "1-0"]
[WhiteElo "2189"]
[BlackElo "1959"]
[EventDate "2014.03.21"]
[PlyCount "79"]

1.e4 g6 2.d4 Bg7 3.Nc3 d6 4.Be3 a6 5.Nf3 b5 6.Bd3 Nd7 7.a4 b4 8.Nd5 c5 9.
O-O e6 10.Nf4 e5 11.dxe5 Nxe5 12.Nxe5 Bxe5 13.Rb1 Nf6 14.g3 O-O 15.Bc4 Nd7
16.Nd5 Bg7 17.Qc1 Ne5 18.Bg5 Qa5 19.Ne7+ Kh8 20.Bd5 Ra7 21.f4 Ng4 22.Nc6 
Qb6 23.a5 Qc7 24.Nxa7 Qxa7 25.Bh4 f5 26.h3 Nf6 27.Bxf6 Bxf6 28.Kh1 fxe4 
29.Bxe4 Qc7 30.Qd1 Re8 31.Qf3 Qg7 32.Rbd1 Qh6 33.Rxd6 Bxb2 34.f5 Bd4 35.
fxg6 Bg7 36.Qf7 Rf8 37.Qxf8+ Bxf8 38.Rd8 Qe3 39.Rfxf8+ Kg7 40.gxh7 1-0

[Event "7th American Continental (w)"]
[Site "Buenos Aires ARG"]
[Date "2014.03.22"]
[Round "2.6"]
[White "Gomez Camacho, Micaela"]
[Black "Aliaga Fernandez, Ingrid"]
[Result "1/2-1/2"]
[WhiteElo "1938"]
[BlackElo "2185"]
[EventDate "2014.03.21"]
[PlyCount "113"]

1.e4 c5 2.Nf3 e6 3.d4 cxd4 4.Nxd4 a6 5.Nc3 Qc7 6.Bd3 Nf6 7.f4 d6 8.Qf3 Be7
9.g4 b5 10.g5 Nfd7 11.Be3 b4 12.Nce2 Nc5 13.h4 Bb7 14.Bd2 d5 15.e5 Nbd7 
16.O-O-O Nxd3+ 17.Qxd3 Nc5 18.Qf3 a5 19.Kb1 g6 20.h5 Rf8 21.hxg6 hxg6 22.
Be3 a4 23.Nb5 Qb6 24.Bxc5 Bxc5 25.Nbd4 Ba6 26.Rh6 Bc4 27.f5 exf5 28.e6 
O-O-O 29.exf7 Rxf7 30.b3 Bxe2 31.Nxe2 Re7 32.Nf4 Re3 33.Qh1 Re6 34.Nxe6 
Qxe6 35.Qe1 Qd6 36.Qe2 f4 37.Rh7 Qc6 38.Qg4+ Kb8 39.Qxf4+ Bd6 40.Qf7 Bc7 
41.Rd4 Kc8 42.Rxb4 axb3 43.axb3 Re8 44.Qxc7+ Qxc7 45.Rxc7+ Kxc7 46.Kc1 
Re1+ 47.Kd2 Rg1 48.Rd4 Rxg5 49.c4 dxc4 50.bxc4 Kc6 51.Ke3 Rg1 52.Kf3 Kc5 
53.Rg4 Rf1+ 54.Ke4 Rf6 55.Ke5 Rd6 56.Rf4 g5 57.Rg4 1/2-1/2

[Event "7th American Continental (w)"]
[Site "Buenos Aires ARG"]
[Date "2014.03.22"]
[Round "2.7"]
[White "Feliciano Ebert, Vanessa"]
[Black "Besso, Guadalupe"]
[Result "1-0"]
[WhiteElo "2244"]
[BlackElo "1882"]
[EventDate "2014.03.21"]
[PlyCount "103"]

1.e4 c5 2.Nf3 d6 3.Bb5+ Bd7 4.Bxd7+ Qxd7 5.O-O Nc6 6.Qe2 Nf6 7.Rd1 e6 8.d4
cxd4 9.Nxd4 d5 10.exd5 Nxd5 11.Nb5 Rc8 12.c4 Ncb4 13.N5c3 Nxc3 14.bxc3 Qa4
15.cxb4 Bxb4 16.Bb2 O-O 17.Nc3 Bxc3 18.Bxc3 Rxc4 19.Qe5 Rg4 20.Rd4 Rxd4 
21.Bxd4 f6 22.Qxe6+ Kh8 23.Be3 Rd8 24.h3 h5 25.Rc1 Rd1+ 26.Rxd1 Qxd1+ 27.
Kh2 a5 28.Qc8+ Kh7 29.Qf5+ Kg8 30.Qxa5 Qd6+ 31.g3 h4 32.Qa8+ Kh7 33.Qxb7 
hxg3+ 34.fxg3 Qd3 35.Qb3 Qe2+ 36.Kg1 Qe1+ 37.Kg2 Qe2+ 38.Bf2 Qe4+ 39.Qf3 
Qa4 40.a3 Kg8 41.Qd5+ Kh8 42.Qh5+ Kg8 43.Qc5 Qe4+ 44.Kg1 Qf3 45.Qc4+ Kf8 
46.a4 Qa3 47.Qb5 f5 48.a5 f4 49.Qh5 Kg8 50.Qd5+ Kh8 51.gxf4 Qa4 52.f5 1-0

[Event "7th American Continental (w)"]
[Site "Buenos Aires ARG"]
[Date "2014.03.22"]
[Round "2.8"]
[White "Flores, Nancy"]
[Black "Amura, Claudia"]
[Result "0-1"]
[WhiteElo "1983"]
[BlackElo "2305"]
[EventDate "2014.03.21"]
[PlyCount "100"]

1.Nf3 d5 2.c4 c6 3.g3 Nf6 4.Bg2 g6 5.b3 Bg7 6.Bb2 O-O 7.O-O Bg4 8.d4 Qc8 
9.Nc3 Bh3 10.cxd5 Bxg2 11.Kxg2 cxd5 12.Rc1 Qg4 13.Ne5 Nfd7 14.f4 Nxe5 15.
fxe5 Qd7 16.e4 dxe4 17.Nxe4 Nc6 18.Nc5 Qd5+ 19.Qf3 Rad8 20.Nxb7 Nxd4 21.
Qxd5 Rxd5 22.Rfe1 Ne6 23.Bc3 Rc8 24.Na5 Rxc3 25.Rxc3 Rxa5 26.Rc8+ Nf8 27.
a4 Bxe5 28.b4 Rd5 29.b5 f6 30.Ra8 Rd7 31.Rb1 Kf7 32.a5 Ne6 33.b6 axb6 34.
a6 Rd2+ 35.Kf3 Ra2 36.Rxb6 Nc7 37.Rh8 Kg7 38.Rc8 Rxa6 39.Rb7 Rc6 40.Rbb8 
f5 41.Rg8+ Kf7 42.Rgf8+ Ke6 43.Rb1 Nd5 44.Re1 Nf6 45.Ra8 Ng4 46.Re2 Rc3+ 
47.Kg2 Re3 48.Rc2 Rxg3+ 49.hxg3 Ne3+ 50.Kf3 Nxc2 0-1

[Event "7th American Continental (w)"]
[Site "Buenos Aires ARG"]
[Date "2014.03.22"]
[Round "2.9"]
[White "Zuriel, Marisa"]
[Black "Nejanky, Maisa"]
[Result "1-0"]
[WhiteElo "2225"]
[BlackElo "2024"]
[EventDate "2014.03.21"]
[PlyCount "87"]

1.e4 c5 2.Nf3 d6 3.d4 cxd4 4.Nxd4 Nf6 5.Nc3 Nc6 6.Bg5 e6 7.Qd2 a6 8.O-O-O 
Be7 9.f3 Bd7 10.h4 b5 11.Nxc6 Bxc6 12.Kb1 Qc7 13.Ne2 h6 14.Be3 e5 15.Ng3 
d5 16.Nf5 Bf8 17.exd5 Nxd5 18.Bd3 g6 19.Ng3 f5 20.h5 O-O-O 21.Bf2 Bb4 22.
Qc1 Be7 23.Rde1 Bg5 24.Qd1 Nb4 25.hxg6 e4 26.fxe4 Qa5 27.a3 Nxd3 28.cxd3 
b4 29.Qb3 bxa3 30.Bb6 Qb5 31.Qxb5 Bxb5 32.Bxd8 Bxd3+ 33.Ka2 Rxd8 34.Nxf5 
axb2 35.Kxb2 Bf6+ 36.Kb3 Rd7 37.e5 Bxf5 38.exf6 Bxg6 39.Rxh6 Bf7+ 40.Kc3 
a5 41.g4 Rc7+ 42.Kb2 Rb7+ 43.Ka1 Rb4 44.Rh8+ 1-0

[Event "7th American Continental (w)"]
[Site "Buenos Aires ARG"]
[Date "2014.03.22"]
[Round "2.10"]
[White "Guzman, Paola"]
[Black "Zepeda Cortez, Lorena"]
[Result "1/2-1/2"]
[WhiteElo "1902"]
[BlackElo "2196"]
[EventDate "2014.03.21"]
[PlyCount "77"]

1.d4 Nf6 2.Nf3 g6 3.c4 Bg7 4.Nc3 O-O 5.e4 d6 6.Be2 e5 7.d5 Nbd7 8.Bg5 a5 
9.Nd2 h6 10.Bh4 Nc5 11.O-O Bd7 12.Re1 Qc8 13.b3 Nh7 14.a3 f5 15.f3 Be8 16.
b4 axb4 17.axb4 Rxa1 18.Qxa1 Nd7 19.Bf2 b6 20.Nb3 Ndf6 21.c5 bxc5 22.bxc5 
Ng5 23.Ba6 Qb8 24.Rb1 Qd8 25.Qa5 Qe7 26.cxd6 cxd6 27.Nd2 fxe4 28.Rb7 Bd7 
29.Ncxe4 Nfxe4 30.Nxe4 Nxe4 31.fxe4 Qf6 32.Qb6 Bc8 33.Rb8 Bxa6 34.Rxf8+ 
Bxf8 35.Qxa6 Qf4 36.Qe2 Qc1+ 37.Be1 h5 38.Qd2 Qb1 39.Qb4 1/2-1/2

[Event "7th American Continental (w)"]
[Site "Buenos Aires ARG"]
[Date "2014.03.22"]
[Round "2.11"]
[White "Vargas Talavera, Gabriela"]
[Black "Sanchez Zambrano, Vanessa"]
[Result "1-0"]
[WhiteElo "2143"]
[BlackElo "1913"]
[EventDate "2014.03.21"]
[PlyCount "123"]

1.d4 Nf6 2.Nf3 g6 3.Bg5 Bg7 4.Nbd2 d5 5.e3 O-O 6.Bd3 c5 7.c3 b6 8.O-O Bb7 
9.b4 Ne4 10.Bf4 Nxc3 11.Qb3 cxb4 12.Qxb4 Ne4 13.Rfc1 Nc6 14.Qa4 Nxd2 15.
Nxd2 e5 16.dxe5 Nxe5 17.Ba6 Qe7 18.Rab1 Rac8 19.Bxe5 Bxe5 20.Nf3 Bg7 21.
Bxb7 Qxb7 22.h3 Rfe8 23.Rxc8 Rxc8 24.Rd1 b5 25.Qb3 Rc4 26.Qd3 Rc5 27.Nd4 
b4 28.Nb3 Rb5 29.Nd4 Rb6 30.Rc1 Bf6 31.Qd1 Qd7 32.Rc2 Bxd4 33.Qxd4 Rb5 34.
Qf6 Rb6 35.Qe5 Rd6 36.Rc5 a6 37.Qd4 Qe6 38.Qxb4 Kg7 39.Qd4+ Kg8 40.a4 Qf5 
41.e4 Qd7 42.Rxd5 Rxd5 43.exd5 Qd6 44.f4 f6 45.a5 Kf7 46.Qa7+ Qe7 47.Qxa6 
Qe3+ 48.Kh1 Qc1+ 49.Kh2 Qxf4+ 50.Kg1 Qc1+ 51.Kf2 Qd2+ 52.Qe2 Qxd5 53.a6 
Qf5+ 54.Kg3 g5 55.Qa2+ Kg7 56.Kh2 Qe5+ 57.g3 Qe4 58.a7 Qa8 59.Qa5 Kg6 60.
g4 h6 61.Kg1 Kg7 62.Qc7+ 1-0

[Event "7th American Continental (w)"]
[Site "Buenos Aires ARG"]
[Date "2014.03.22"]
[Round "2.12"]
[White "Zarate Oyague, Flor de Maria"]
[Black "Meza, Anahi"]
[Result "1/2-1/2"]
[WhiteElo "1863"]
[BlackElo "2078"]
[EventDate "2014.03.21"]
[PlyCount "86"]

1.d4 Nf6 2.c4 e6 3.Nc3 Bb4 4.Qc2 O-O 5.a3 Bxc3+ 6.Qxc3 Ne4 7.Qc2 f5 8.Nf3 
b6 9.g3 Bb7 10.Bg2 d6 11.O-O a5 12.Ng5 Nxg5 13.Bxb7 Ra7 14.Bg2 Nd7 15.Bd2 
Qe7 16.b4 e5 17.dxe5 dxe5 18.Rfd1 f4 19.Qd3 c5 20.bxa5 bxa5 21.Bxa5 Nf6 
22.Bd8 Qf7 23.Bxf6 Qxf6 24.Qd5+ Kh8 25.Qxc5 Raf7 26.a4 Ne6 27.Qb6 fxg3 28.
fxg3 Qe7 29.a5 Nd4 30.a6 Rf6 31.Qb7 Nxe2+ 32.Kh1 Nxg3+ 33.hxg3 Rh6+ 34.Bh3
Rxh3+ 35.Kg2 Rxg3+ 36.Kxg3 Qg5+ 37.Kh3 Qe3+ 38.Kh2 Qh6+ 39.Kg1 Qe3+ 40.Kh2
Qf4+ 41.Kg1 Qf2+ 42.Kh1 Qh4+ 43.Kg1 Qf2+ 1/2-1/2